Harry Potter General Knowledge 2 - Statistics

General Stats
  • This quiz has been taken 1,013 times
  • The average score is 9 of 15
Answer Stats
Hint Answer % Correct
main character harry potter
100%
who marrys.. hermione granger
97%
his best friend is.. ron weasley
93%
who is a ... under voldemort death eater
73%
who attends which school? hogwarts
71%
which has how many houses? four
67%
who goes to the yule ball with, viktor krum
67%
who is related to this dark wizard voldemort
60%
who's nephew is .. draco malfoy
55%
the known parseltongue founder is salazar slytherin
55%
whos headmaster is igor karkaroff
47%
she was left by this muggle tom riddle sr.
40%
who was killed to create a horcrux
39%
along with this person who tortured the longbottoms bellatrix lestrange
37%
who's mother is.. merope gaunt
28%
No matching quizzes found
Score Distribution
Percent of People with Each Score
Percentile by Number Answered
Your Score History
You have not taken this quiz